Normal view
MARC view
- CORPORATIONS-FINANCE-COMPUTER FINANCE.MICROSOFT EXCEL
Entry Topical Term
001 - CONTROL NUMBER
- control field: 63666
003 - CONTROL NUMBER IDENTIFIER
- control field: NUST
005 - DATE AND TIME OF LATEST TRANSACTION
- control field: 20210628203144.0
008 - FIXED-LENGTH DATA ELEMENTS
- fixed length control field: 210628|| aca||aabn | a|a d
040 ## - CATALOGING SOURCE
- Original cataloging agency: NUST
- Transcribing agency: NUST
150 ## - HEADING--TOPICAL TERM
- Topical term or geographic name entry element: CORPORATIONS-FINANCE-COMPUTER FINANCE.MICROSOFT EXCEL
670 ## - SOURCE DATA FOUND
- Source citation: Work cat.: (NUST): Proctor, K.Scott 63665, Building financial models with microsoft excel , a guide to business professionals, 2005
